| 000 -ლიდერი |
| ფიქსირებული სიგრძის საკონტროლო ველი |
01057nam a22001937a 4500 |
| 003 - საკონტროლო ნომრის იდენტიფიკატორი |
| საკონტროლო ველი |
Ge_BSU |
| 005 - ბოლო ოპერაციის თარიღი და დრო |
| საკონტროლო ველი |
20260312162831.0 |
| 008 - ფიქსირებული სიგრძის მონაცემთა ელემენტები - ზოგადი ინფორმაცია |
| ფიქსირებული სიგრძის საკონტროლო ველი |
260312s1974 ge ||||| |||| 00| 0 geo d |
| 041 ## - ენის კოდი |
| Language code of text/sound track or separate title |
geo |
| 080 ## - უნივერსალური ათობითი კლასიფიკაციის ინდექსი |
| Universal Decimal Classification number |
908(479.22) : 330.59(479.22) ლ-81 |
| 100 ## - მთავარი ჩანაწერი - პიროვნების სახელი |
| Personal name |
ლომთაძე, ვ. |
| 9 (RLIN) |
2842 |
| 245 ## - ცნობა სათაურის შესახებ |
| Title |
საქართველოს სსრ მოსახლეობის ცხოვრების დონე და მისი ამაღლება მეცხრე ხუთწლედში / |
| Statement of responsibility, etc |
ვ. ლომთაძე, ნ. შარაშენიძე, მ. ჭინჭარაული. |
| 264 ## - წარმოების, გამოცემის, დისტრიბუციის და სხვა ცნობები |
| გამოცემის, წარმოების, დისტრიბუციის... ადგილი |
თბ. : |
| გამოცემის, წარმოების, დისტრიბუციის... სახელწოდება |
საბჭ. საქართველო, |
| გამოცემის, წარმოების, დისტრიბუციის... თარიღი |
1974. |
| 300 ## - ფიზიკური აღწერა |
| Extent |
133 გვ. ; |
| Other physical details |
21 სმ. |
| 653 ## - INDEX TERM--UNCONTROLLED |
| Uncontrolled term |
საქართველოს მოსახლეობის ცხოვრების დონე |
| 700 ## - ADDED ENTRY--PERSONAL NAME |
| Personal name |
შარაშენიძე, ნ. |
| Relator term |
ავტორი |
| 9 (RLIN) |
27118 |
| 700 ## - ADDED ENTRY--PERSONAL NAME |
| Personal name |
ჭინჭარაული, მ. |
| Relator term |
ავტორი |
| 9 (RLIN) |
27119 |
| 942 ## - ADDED ENTRY ELEMENTS (KOHA) |
| Source of classification or shelving scheme |
|
| Koha item type |
წიგნი |